ARRUPE JESUIT UNIVERSITY

CORONAVIRUS -STOP THE SPREAD - CLEAN,DISINFECT,COVER

Lexikon der Redensarten / (Record no. 130901)

MARC details
000 -LEADER
fixed length control field 00888cam a2200277 a 4500
001 - CONTROL NUMBER
control field 683508
003 - CONTROL NUMBER IDENTIFIER
control field ARRUPE
005 - DATE AND TIME OF LATEST TRANSACTION
control field 20211015111129.0
008 - FIXED-LENGTH DATA ELEMENTS--GENERAL INFORMATION
fixed length control field 950927s1994 gw d 001 0 ger d
010 ## - LIBRARY OF CONGRESS CONTROL NUMBER
LC control number 95208668
020 ## - INTERNATIONAL STANDARD BOOK NUMBER
International Standard Book Number 3570105539
035 ## - SYSTEM CONTROL NUMBER
System control number (OCoLC)32694182
040 ## - CATALOGING SOURCE
Original cataloging agency FrSU
Transcribing agency FrSU
Modifying agency NN
-- DGU
-- DLC
042 ## - AUTHENTICATION CODE
Authentication code lccopycat
050 00 - LIBRARY OF CONGRESS CALL NUMBER
Classification number PF3460
Item number .L45 1994
082 00 - DEWEY DECIMAL CLASSIFICATION NUMBER
Classification number 433/.1
Edition number 20
300 ## - PHYSICAL DESCRIPTION
Dimensions 25 cm.
245 00 - TITLE STATEMENT
Title Lexikon der Redensarten /
Statement of responsibility, etc herausgegeben von Klaus Müller.
260 ## - PUBLICATION, DISTRIBUTION, ETC. (IMPRINT)
Place of publication, distribution, etc Gütersloh :
Name of publisher, distributor, etc Bertelsmann Lexikon Verlag,
Date of publication, distribution, etc c1994.
300 ## - PHYSICAL DESCRIPTION
Extent 781 p. ;
500 ## - GENERAL NOTE
General note Includes indexes.
650 #0 - SUBJECT ADDED ENTRY--TOPICAL TERM
Topical term or geographic name as entry element German language
General subdivision Idioms
-- Dictionaries.
9 (RLIN) 50524
700 1# - ADDED ENTRY--PERSONAL NAME
Personal name Müller, Klaus.
9 (RLIN) 50525
906 ## - LOCAL DATA ELEMENT F, LDF (RLIN)
a 7
b cbc
c copycat
d 2
e ncip
f 19
g y-gencatlg
942 ## - ADDED ENTRY ELEMENTS (KOHA)
Source of classification or shelving scheme Library of Congress Classification
Koha item type Monograph ( Printed materials)
Holdings
Withdrawn status Lost status Source of classification or shelving scheme Damaged status Not for loan Collection code Home library Current library Shelving location Date acquired Total Checkouts Full call number Barcode Date last seen Price effective from Koha item type
    Library of Congress Classification     Main Collection ARRUPE LIBRARY ARRUPE LIBRARY Main Collection 15/10/2021   PF3460 .L45 1994 46600007188 15/10/2021 15/10/2021 Monograph ( Printed materials)

 

Arrupe Library. PO Box MP320 Mt Pleasant, Harare, Zimbabwe
263 242 745411|librarian@aju.ac.zw